Conferencia Interamericana de Contabilidad (Registro nro. 1390)

Detalles MARC
000 -LEADER
fixed length control field 02028 a2200193 4500
001 - CONTROL NUMBER
control field 25498
005 - DATE AND TIME OF LATEST TRANSACTION
control field 20260407155539.0
008 - FIXED-LENGTH DATA ELEMENTS--GENERAL INFORMATION
fixed length control field 260407a1967 arg spa d
003 - CONTROL NUMBER IDENTIFIER
control field AR-UNSa-BCEJYS
040 ## - CATALOGING SOURCE
Original cataloging agency AR-UNSa-BCEJYS
Language of cataloging spa
Transcribing agency AR-UNSa-BCEJYS
080 ## - UNIVERSAL DECIMAL CLASSIFICATION NUMBER
Universal Decimal Classification number 657.05
Common auxiliary subdivision Contabilidad de gestión (Contabilidad gerencial, control de gestión...)
100 1# - MAIN ENTRY--PERSONAL NAME
Personal name Herrscher, Enrique G.
245 10 - TITLE STATEMENT
Title Conferencia Interamericana de Contabilidad
Name of part/section of a work Subcomisión de estudio sobre Contabilidad Gerencial. Informe sobre la labor realizada en la República Argenrtina o con participación de la Argentina, desde el comienzo de la VII Conferencia Interamericana de Contabilidad hasta la presente
264 #1 - PRODUCTION, PUBLICATION, DISTRIBUTION, MANUFACTURE, AND COPYRIGHT NOTICE
Place of production, publication, distribution, manufacture Buenos Aires :
Name of producer, publisher, distributor, manufacturer Ediciones Macchi
Date of production, publication, distribution, manufacture, or copyright notice 1967
300 ## - PHYSICAL DESCRIPTION
Extent 217 p.
Dimensions 23 cm.
505 ## - FORMATTED CONTENTS NOTE
Formatted contents note 1. Antecedentes - 2. Recomendaciones aprobadas por la VII Conferencia Interamericana de Contabilidad en materia Contabilidad Gerencial - 3. Principales conclusiones de los trabajos presentados a la VII Conferencia Interamericana de Contabilidad - 4. Relevamiento de opiniones sobre Contabilidad Gerencial, efectuado durante la VII Conferencia Interamericana de Contabilidad - 5. Encuesta sobre la Enseñanza de la Contabilidad Gerencial, efectuada en oportunidad de la VII C.I.C. - 6. Jornadas de Contabilidad Gerencial de Rosario - 7. Primer seminario de Contabilidad gerencial de Bahía Blanca - 8. Primer congreso Interamericano de Enseñanza Superior de la Contabilidad - 9. Sexta jornadas Argentina de investigación operativa - 10. Tercera reunión de la asociación argentina para la enseñanza de contabilidad, administración y economía - 11. Congreso nacional de Contadores del Uruguay - 12. Segundo seminario de Contabilidad Gerencial de Bahía Blanca - 13. Actividades cumplidas en Buenos Aires sobre contabilidad gerencial - 14. Trabajos preparados para la VII conferencia interamericana de contabilidad - 15. Trabajos preparados para el IX Congreso mundial de contabilidad.
590 ## - LOCAL NOTE (RLIN)
Local note niveau_biblio:m niveau_hierar:0
942 ## - ADDED ENTRY ELEMENTS (KOHA)
Koha item type
Existencias
Withdrawn status Lost status Damaged status Not for loan Home library Current library Shelving location Date acquired Total checkouts Full call number Barcode Date last seen Price effective from Koha item type
        Biblioteca Prof. Eusebio Cleto del Rey Biblioteca Prof. Eusebio Cleto del Rey   07/04/2026   657.05 H564 L21568 07/04/2026 07/04/2026 Libro